Central Library OPAC University of Rajshahi

ইসলাম : (Record no. 41515)

MARC details
000 -LEADER
fixed length control field 00858nam a2200229 a 4500
001 - CONTROL NUMBER
control field 41515
003 - CONTROL NUMBER IDENTIFIER
rucl marc code BD-RjUL
005 - DATE AND TIME OF LATEST TRANSACTION
control field 20211209053414.0
008 - FIXED-LENGTH DATA ELEMENTS--GENERAL INFORMATION
fixed length control field 160601s1978 bg ||||| |||| 00| f ben d
020 ## - INTERNATIONAL STANDARD BOOK NUMBER
Terms of availability : Tk. 12.50
035 ## - SYSTEM CONTROL NUMBER
System control number (BD-RjUL) 41633
040 ## - CATALOGING SOURCE
Original cataloging agency BD-RjUL
Language of cataloging ben
Transcribing agency BD-RjUL
041 ## - LANGUAGE CODE
Language code of text/sound track or separate title ben
082 ## - DEWEY DECIMAL CLASSIFICATION NUMBER
Edition number 23
Classification number 297
Author mark and year ISL 1978
245 00 - TITLE STATEMENT
Title ইসলাম :
Remainder of title মনীষার আলোকে /
Statement of responsibility, etc. দেওয়ান মোহাম্মদ আজরফ, সম্পাদনা
260 ## - PUBLICATION, DISTRIBUTION, ETC. (IMPRINT)
Place of publication, distribution, etc. ঢাকা :
Name of publisher, distributor, etc. ইসলামিক ফাউণ্ডেশন,
Date of publication, distribution, etc. ১৯৭৮
300 ## - PHYSICAL DESCRIPTION
Pagination [২২], ১৩৮ পৃ. ;
Size ২০ সেমি.
650 ## - SUBJECT ADDED ENTRY--TOPICAL TERM
Topical term or geographic name as entry element ইসলাম
9 (RLIN) 127583
Topical term or geographic name as entry element Islam
9 (RLIN) 127584
700 ## - ADDED ENTRY--PERSONAL NAME
Personal name আজরফ, দেওয়ান মোহাম্মদ, সম্পাদনা
942 ## - ADDED ENTRY ELEMENTS (KOHA)
Source of classification or shelving scheme Dewey Decimal Classification
Koha item type Books
Holdings
Lost status Source of classification or shelving scheme Damaged status Not for loan Collection code Permanent Location Current Location Shelving location Date acquired Source of acquisition Cost, normal purchase price Total Checkouts Full call number Date last seen Copy number Koha item type
  Dewey Decimal Classification     Non-fiction Central Library, University of Rajshahi Central Library, University of Rajshahi   19/03/1980 Paragon Enterprise Lit., Dhaka 112.50   B 297 ISL 1978 01/06/2016 C-2 Books
  Dewey Decimal Classification   Not For Loan Non-fiction Central Library, University of Rajshahi Central Library, University of Rajshahi Reading Room 19/03/1980 Ureka Book Akademi, Rajshahi 12.50   B 297 ISL 1978 03/12/2016 C-1 Books